Y hasta cuándo esperaremos mandan dirun dirun dán : mujer y poder en América Latina /

保存先:
書誌詳細
第一著者: Koschutzke, Alberto
フォーマット: 不明
言語:Spanish
出版事項: Caracas, Venezuela: nueva sociedad, 1989
版:1.edición
主題:
タグ: タグ追加
タグなし, このレコードへの初めてのタグを付けませんか!

MARC

LEADER 000000000a22000000004500
001 001164
008 170623s1989 ve ||||| |||| 00| 0 spa d
020 |a 9806110471 
041 0 |a español 
082 |a 305.4  |b Y9y 
100 1 |a Koschutzke, Alberto 
245 1 0 |a Y hasta cuándo esperaremos mandan dirun dirun dán :   |b mujer y poder en América Latina /  |c Alberto Koschutzke 
250 |a 1.edición 
260 |a Caracas, Venezuela:   |b nueva sociedad,   |c 1989 
300 |a 320 páginas 
500 |a Número de inscripción 13244 
650 4 |a FEMINISMO - AMERICA LATINA 
650 4 |a MUJERES - CONDICIONES SOCIALES 
942 |2 ddc  |c BK 
999 |c 2247  |d 2247